000 00506aam a2200193 4500
005 20161121154734.0
008 150413b xxu||||| |||| 00| 0 spa d
041 _aspa
082 _a004.68 C976d
100 _aCurrid, Cheryl
_910641
100 _aGillett, Craig
_910642
245 _aDomine Novell Netware
260 _aMéxico
_bMarcrobit
_c1990
300 _a492 páginas
650 _aREDES DE COMPUTADORES
_96512
650 _aNOVELL NETWARE
_910643
650 _aREDES LOCALES
_910644
942 _cBK
999 _c4570
_d4570